Inside Microsoft SQL server 6.5

Αποθηκεύτηκε σε:
Λεπτομέρειες βιβλιογραφικής εγγραφής
Κύριος συγγραφέας: Soukup, Ron
Άλλοι συγγραφείς: Gray, Jim (Συγγραφέας εισαγωγής κ.λπ.)
Μορφή: Βιβλίο
Γλώσσα:English
Δημοσίευση: Redmond, Wash. : Microsoft Press, c1997
Σειρά:Microsoft programming series
Θέματα:
Ετικέτες: Προσθήκη ετικέτας
Δεν υπάρχουν, Καταχωρήστε ετικέτα πρώτοι!

MARC

LEADER 00000nam a2200000 i 4500
001 1/94761
008 991203s1997 eng d
020 |a 1572313315 
035 |l 10054974 
040 |a GR-MY-UA  |b gre  |e aacr 
041 0 |a eng 
082 0 |a 005.7585 
100 1 |a Soukup, Ron. 
245 1 0 |a Inside Microsoft SQL server 6.5 /  |c Ron Soukup ; foreword by Jim Gray 
260 |a Redmond, Wash. :   |b Microsoft Press,   |c c1997 
300 |a xv, 819 p.;  |b ill.;  |c 24 cm.+  |e 1 computer laser optical disc (4 3/4 in.) 
490 1 |a Microsoft programming series 
504 |a Includes bibliographical references and index 
630 0 0 |a SQL server. 
650 0 0 |a Database management. 
700 1 |a Gray, Jim.  |4 aui 
830 0 |a Microsoft programming series 
852 |a INST  |b SAMOS  |e 19991203  |h 005.7585 SOU  |p 005300016532  |q 005300016532  |t BK  |y 0 
852 |a INST  |b SAMOS  |e 19991203  |h 005.7585 SOU   |p 005300016533  |q 005300016533  |t BK  |y 0 
901 |a BIBL3-1999-3 
909 |a Σ  |b 069852 
909 |a Σ  |b 069853 
922 |a 3ΕΛΗ  |b 199911  |c ΤΠΕΣ  |d ΠΑΠΑΣΩΤΗΡΙΟΥ 
950 |a 133-1999-07-20 
970 |a ΠΟΥΡΝΑΡΑΣ  |b ΔΗΜΗΤΡΗΣ  |z 1999/12/03